00998nam a2200241 a 450000100060000000300080000600500170001400800410003103500190007204000430009104100080013408200240014224500540016626000490022030000320026950002310030165000320053265000390056470000330060371000300063671000490066671000410071543885BD-RjUL20211209053751.0160628s1965 enka 100 0 eng  a(BD-RjUL)44003 dUPvMRCdBD-RjULaBD-RjULbengcBD-RjUL aeng a658.5223bMOD 196510aModels for decision /cedited by C.M. Berners-Lee aLondon :bEnglish Universities Press,cc1965 ax, 149 p. :bill. ;c23 cm. a"A conference under the auspices of the United Kingdom Automation Council organised by the British Computer Society and the Operational Research Society." Held Oct. 13-14, 1964 at the Institute of Electrical Engineers, London. 0aElectronic data processing. 0aPublic administrationxAutomation.1 aBerners-Lee, C. M.,eeditor.2 aBritish Computer Society.2 aOperational Research Society (Great Britain)2 aInstitution of Electrical Engineers.